| 000 | 00792cab a2200241 4500 | ||
|---|---|---|---|
| 001 | ABS60209 | ||
| 008 | 090401t1999 xxu||||| |||| 00| 0 eng d | ||
| 035 | _a(Sirsi) u91652 | ||
| 041 | _aeng | ||
| 100 | _aGreenhalgh, P. | ||
| 245 | _aUncertainty ahead | ||
| 260 | _c1999 | ||
| 350 | _a0 | ||
| 490 |
_aPlanning (for the Natural and Built Environment) _v(1307) 26 February 1999, 17(1) |
||
| 520 | _aLooks at the coverage of MPG6 and considers the changes which will need to be made to minerals local plans, in light of the guidance it provides. | ||
| 650 | _aLOCAL AUTHORITIES | ||
| 650 | _aMINERALS PLANNING | ||
| 650 | _aMINERALS POLICY GUIDANCE NOTE 6 | ||
| 650 | _aMINERALS PLANNING GUIDANCE NOTE SIX | ||
| 690 | _aMINING AND MINERALS | ||
| 942 | _n0 | ||
| 948 | _c01/03/1999 | ||
| 999 |
_c58191 _d58191 |
||